Sports Quiz

Random Sports or Clickable Quiz

WWE Champions (Redux) Quiz Stats

 Plays Quiz Updated Sep 30, 2019

Score 0/51 Timer 03:00
51 Plays Today
% Correct
AJ Styles
83.3%
Roman Reigns
83.1%
Kofi Kingston
82.3%
Daniel Bryan
81.9%
Dean Ambrose
81.5%
Seth Rollins
81.4%
Jinder Mahal
79%
Bray Wyatt
78.5%
Triple H
76%
John Cena
76%
The Rock
75.7%
Undertaker
75%
Hulk Hogan
74.8%
Steve Austin
74.8%
Shawn Michaels
74.4%
Randy Orton
73.7%
Brock Lesnar
73.1%
Kurt Angle
73.1%
Chris Jericho
72.8%
Edge
72.8%
CM Punk
72.4%
Bret Hart
71.9%
Big Show
71.5%
Batista
71.4%
Kane
71.2%
Ric Flair
71%
% Correct
The Miz
69.5%
Ultimate Warrior
68.5%
Rey Mysterio
68.3%
Sheamus
68.1%
Eddie Guerrero
67.5%
Vince McMahon
67.5%
Mankind
67.5%
Randy Savage
67.2%
André the Giant
66.9%
Jeff Hardy
65%
Alberto Del Rio
64.8%
John Bradshaw Layfield
64.7%
Yokozuna
62.9%
Diesel
61.5%
Rob Van Dam
61.4%
Bruno Sammartino
59.5%
Sgt. Slaughter
57.1%
Bob Backlund
55.3%
Iron Sheik
52.4%
Sycho Sid
52.1%
Buddy Rogers
43.6%
Billy Graham
42.2%
Pedro Morales
41.7%
Ivan Koloff
38.4%
Stan Stasiak
35.9%

You're not logged in!

Compare scores with friends on all Sporcle quizzes.
OR
Log In

Sporcle TV

Today on Sporcle TV


Watch our educational content, quiz creation guides, and fun videos on Sporcle TV.

Show Comments

Extras

Top Quizzes Today


Score Distribution

Your Account Isn't Verified!

In order to create a playlist on Sporcle, you need to verify the email address you used during registration. Go to your Sporcle Settings to finish the process.

Report this User

Report this user for behavior that violates our Community Guidelines.

Details: